[Event "Reykjavik Open 2015"]
[Site "Reykjavik ISL"]
[Date "2015.03.14"]
[Round "6.119"]
[White "Ontiveros, John"]
[Black "Finnsson, Johann Arnar"]
[Result "1-0"]
[WhiteElo "1774"]
[BlackElo "1491"]
[WhiteFideId "2303981"]
[BlackFideId "2308240"]
[EventDate "2015.03.10"]

1. d4 d6 2. e4 g6 3. Nc3 Nc6 4. d5 Nb8 5. Nce2 Bg7 6. c4 c5 7. Ng3 Qb6 8. Qc2
Qb4+ 9. Qd2 Qxd2+ 10. Kxd2 Nd7 11. f4 Nb6 12. Rb1 e6 13. Bd3 Ne7 14. b3 O-O 15.
Nf3 f5 16. exf5 exd5 17. fxg6 Nxg6 18. cxd5 Nxf4 19. Bb2 Nxg2 20. Bxg7 Kxg7 21.
Rhg1 Rxf3 22. Rxg2 Kh8 23. Rbg1 Bh3 24. Re2 Raf8 25. Re7 Rf2+ 26. Ne2 R2f7 27.
Re3 Bf5 28. Nc3 Bxd3 29. Kxd3 Rf2 30. h3 R2f3 31. Rg5 R8f5 32. Rxf5 Rxf5 33.
Re8+ Kg7 34. Re7+ Rf7 35. Re6 Rf3+ 36. Kd2 Rxh3 37. Rxd6 Rh5 38. Ke3 Kf7 39. Ke4
Rh3 40. Nb5 a6 41. Rxb6 axb5 42. Rxb7+ Kf6 43. Rxb5 h5 44. Rxc5 h4 45. Rc6+ Ke7
46. Kd4 Rh1 47. Rh6 h3 48. Kc4 Kd7 49. a4 Kc7 50. Kb5 h2 51. d6+ Kd7 52. b4 Kc8
53. a5 Kd7 54. a6 Ra1 55. Rxh2 Kxd6 56. Rc2 Kd7 57. Kb6 Ra4 58. b5 1-0

[Event "Reykjavik Open 2015"]
[Site "Reykjavik ISL"]
[Date "2015.03.14"]
[Round "6.120"]
[White "Davidsson, Oskar Vikingur"]
[Black "Olsen, William"]
[Result "1-0"]
[WhiteElo "1454"]
[BlackElo "1716"]
[WhiteFideId "2310627"]
[BlackFideId "1518259"]
[EventDate "2015.03.10"]

1. e4 e6 2. d4 d5 3. Nd2 Nf6 4. e5 Nfd7 5. Bd3 c5 6. c3 Nc6 7. Ne2 Be7 8. O-O
O-O 9. Nf3 f6 10. exf6 Nxf6 11. Re1 c4 12. Bb1 Re8 13. Qc2 Bd6 14. Bg5 h6 15.
Bxh6 Qc7 16. Qg6 Kf8 17. Qxf6+ Qf7 18. Bxg7+ 1-0

[Event "Reykjavik Open 2015"]
[Site "Reykjavik ISL"]
[Date "2015.03.14"]
[Round "6.121"]
[White "Bogut, Maksymilian"]
[Black "Sigurvaldason, Hjalmar"]
[Result "1-0"]
[WhiteElo "1697"]
[BlackElo "1450"]
[WhiteFideId "1185810"]
[BlackFideId "2306018"]
[EventDate "2015.03.10"]

1. e4 c5 2. Nf3 e6 3. d4 cxd4 4. Nxd4 a6 5. Nc3 Nc6 6. Be3 Qc7 7. Be2 Nf6 8. a3
Bd6 9. Qd2 Be7 10. f4 d6 11. g4 e5 12. Nf5 Bxf5 13. exf5 h5 14. g5 Ng4 15. Nd5
Qb8 16. Bxg4 hxg4 17. f6 gxf6 18. gxf6 Bd8 19. O-O-O exf4 20. Bxf4 Ne5 21. Rhe1
Kf8 22. Bh6+ Ke8 23. Qg5 Kd7 24. Ne7 Bxe7 25. Qxe5 Rxh6 26. Qxe7+ Kc6 27. Qxf7
Qf8 28. Qc4+ Kb6 29. Re6 Rd8 30. Qb4+ Ka7 31. Rexd6 Rxd6 32. Rxd6 Rh8 33. Qd4+
Kb8 34. Qe5 Ka7 35. Qe7 Qh6+ 36. Kb1 Qxh2 37. f7 Rc8 38. c3 Qh8 39. Qe6 Rf8 40.
Rd4 Qh1+ 41. Ka2 g3 42. Qe3 g2 43. Rd8+ b6 44. Qe7# 1-0

[Event "Reykjavik Open 2015"]
[Site "Reykjavik ISL"]
[Date "2015.03.14"]
[Round "6.122"]
[White "Chadwick, Susan E"]
[Black "Fjallheim, Elmar"]
[Result "1-0"]
[WhiteElo "1370"]
[BlackElo "1678"]
[WhiteFideId "407305"]
[BlackFideId "7201095"]
[EventDate "2015.03.10"]

1. d4 e6 2. Nf3 d5 3. e3 c5 4. b3 Nc6 5. Be2 Bd6 6. Nbd2 Nge7 7. Bb2 O-O 8. O-O
cxd4 9. exd4 Nf5 10. c4 b6 11. Rc1 Be7 12. cxd5 Qxd5 13. Bc4 Qd7 14. Bb5 Bb7 15.
Ne5 Qd6 16. Bxc6 Bxc6 17. Nxc6 Bf6 18. Ne4 Qd7 19. Nxf6+ gxf6 20. Qg4+ Kh8 21.
Rfd1 Rg8 22. Qf3 Rg6 23. Ne5 Qe8 24. Nxg6+ hxg6 25. d5 1-0

[Event "Reykjavik Open 2015"]
[Site "Reykjavik ISL"]
[Date "2015.03.14"]
[Round "6.123"]
[White "Rist, Karl-Johan"]
[Black "Lemery, Jon Thor"]
[Result "1/2-1/2"]
[WhiteElo "1677"]
[BlackElo "1273"]
[WhiteFideId "1506900"]
[BlackFideId "2313499"]
[EventDate "2015.03.10"]

1. d4 Nf6 2. c4 g6 3. Nf3 d6 4. Nc3 c6 5. e4 Bg7 6. Bd3 Qb6 7. O-O Bg4 8. Be2
Qc7 9. Re1 Bd7 10. h3 O-O 11. Bf4 Nh5 12. Bh2 e5 13. dxe5 dxe5 14. c5 Nf4 15.
Bf1 Rd8 16. Qc2 Be6 17. Red1 Nd7 18. Ng5 Nxc5 19. g3 Nh5 20. b4 h6 21. Nxe6 Nxe6
22. Ne2 Qb6 23. a3 a6 24. Kh1 Qxf2 25. Bg2 Qe3 26. Re1 Nd4 27. Nxd4 Qxd4 28.
Rad1 Qb6 29. Bg1 Qc7 30. Kh2 Qe7 31. Bc5 Qg5 32. Qb3 Rxd1 33. Rxd1 Rd8 34. Rf1
Rd7 35. h4 Qd2 36. Rf2 Qd1 37. Qa2 Qg4 38. Rf3 Nf6 39. Rxf6 Bxf6 40. Bh3 Qd1 41.
Bxd7 Qxd7 42. Qf2 1/2-1/2

[Event "Reykjavik Open 2015"]
[Site "Reykjavik ISL"]
[Date "2015.03.14"]
[Round "6.124"]
[White "Starosciak, Adrian"]
[Black "Van Zyl-Rudd, Jack"]
[Result "0-1"]
[WhiteElo "1304"]
[BlackElo "1648"]
[WhiteFideId "1192140"]
[BlackFideId "14309017"]
[EventDate "2015.03.10"]

1. e4 c5 2. Nf3 e6 3. d4 cxd4 4. Nxd4 Nc6 5. Nc3 Qc7 6. Ncb5 Qb8 7. Bd3 a6 8.
Nxc6 bxc6 9. Nc3 Nf6 10. Rb1 d5 11. Bg5 Nd7 12. O-O Bd6 13. Qh5 Bf4 14. Ne2 Bxg5
15. Qxg5 O-O 16. Qh4 Nc5 17. Rfd1 Nxd3 18. cxd3 Qb6 19. Nf4 Qd8 20. Qg3 Qf6 21.
b3 Bb7 22. f3 Rac8 23. Ne2 c5 24. Rdc1 Rfd8 25. Qf2 Qe7 26. Rc2 Rd7 27. d4 dxe4
28. dxc5 exf3 29. gxf3 Qg5+ 30. Kf1 Qf5 31. Nd4 Rxd4 32. Qxd4 Qxc2 33. Rd1 h6
34. Qd7 Rxc5 35. Rd2 Qc1+ 36. Ke2 Re5+ 37. Kf2 Qe1+ 38. Kg2 Re2+ 39. Rxe2 Qxe2+
40. Kg1 Bxf3 41. Qd8+ Kh7 42. Qd3+ Qxd3 43. Kf2 Qe2+ 44. Kg3 g5 0-1

[Event "Reykjavik Open 2015"]
[Site "Reykjavik ISL"]
[Date "2015.03.14"]
[Round "6.126"]
[White "Magnusson, Thorsteinn"]
[Black "Nordquelle, Pal"]
[Result "0-1"]
[WhiteElo "1301"]
[BlackElo "1599"]
[WhiteFideId "2310287"]
[BlackFideId "1519050"]
[EventDate "2015.03.10"]

1. c4 e5 2. g3 d5 3. cxd5 Qxd5 4. Nf3 Nc6 5. Nc3 Qd8 6. Bg2 f5 7. d3 Be7 8. Qa4
Bd7 9. Qb5 Bd6 10. Bg5 Nge7 11. Nd5 Nb4 12. Qc4 Be6 13. Nxc7+ Qxc7 14. Qxe6 Nc2+
15. Kd2 Bb4+ 16. Kd1 Nxa1 17. Qc4 Qxc4 18. dxc4 Ng6 19. Nd2 h6 20. Bxb7 Rb8 21.
Bc6+ Kf8 22. Be3 Rd8 23. Kc1 f4 24. Bxa7 Rxd2 25. Be4 Kf7 26. Kb1 Rxe2 27. Kxa1
Rxe4 28. c5 Rc4 0-1

[Event "Reykjavik Open 2015"]
[Site "Reykjavik ISL"]
[Date "2015.03.14"]
[Round "6.132"]
[White "Heidarsson, Arnar"]
[Black "Davidsson, Stefan Orri"]
[Result "0-1"]
[WhiteElo "1119"]
[BlackElo "1038"]
[WhiteFideId "2312875"]
[BlackFideId "2311399"]
[EventDate "2015.03.10"]

1. e4 e5 2. Nf3 Nc6 3. Bc4 Nf6 4. Nc3 Bc5 5. h3 d6 6. d3 h6 7. O-O Na5 8. b3
Nxc4 9. dxc4 O-O 10. Na4 Nxe4 11. Qe2 Ng3 12. Qd1 Nxf1 13. Qxf1 e4 14. Ne1 Bd4
15. c3 Bf6 16. Ba3 Bd7 17. Rc1 Bxa4 18. bxa4 Bg5 19. Rb1 b6 20. Nc2 Qf6 21. Bb2
c6 22. Rd1 Rad8 23. Nb4 Rc8 24. Qe2 a5 25. Nc2 Rfe8 26. Rd4 Qe6 27. Rd1 Rcd8 28.
Nd4 Qd7 29. g4 Bf6 30. Bc1 Bxd4 31. cxd4 h5 32. Kh2 hxg4 33. Qxg4 Qxg4 34. hxg4
d5 35. cxd5 cxd5 36. Bb2 Rc8 37. Rc1 Rxc1 38. Bxc1 Rc8 0-1

[Event "Reykjavik Open 2015"]
[Site "Reykjavik ISL"]
[Date "2015.03.15"]
[Round "7.2"]
[White "Fier, Alexandr"]
[Black "Eljanov, Pavel"]
[Result "0-1"]
[WhiteTitle "GM"]
[BlackTitle "GM"]
[WhiteElo "2601"]
[BlackElo "2727"]
[WhiteFideId "2107139"]
[BlackFideId "14102951"]
[EventDate "2015.03.10"]

1. d4 Nf6 2. c4 e6 3. Nc3 Bb4 4. e3 O-O 5. Ne2 d5 6. a3 Bd6 7. Ng3 b6 8. Be2 Ba6
9. e4 Nxe4 10. Ngxe4 dxe4 11. Nxe4 Nc6 12. Be3 f5 13. Nxd6 Qxd6 14. f4 Rad8 15.
Qa4 Nxd4 16. c5 Qxc5 17. Bxd4 Rxd4 18. Qxa6 Rxf4 19. Rf1 Re4 20. Rf2 Qe5 21. Qd3
Qxb2 22. Rd1 Qe5 23. h3 g6 24. Kf1 Rf7 25. Bf3 Re3 26. Qd8+ Kg7 27. Re2 Rxe2 28.
Bxe2 Qf4+ 29. Kg1 Qe3+ 30. Kf1 Qf4+ 31. Kg1 Qe3+ 32. Kf1 f4 33. Bf3 Qxa3 34.
Qd4+ Kh6 35. Re1 Qe7 36. Bg4 Qf6 37. Re5 Kg7 38. Bxe6 c5 39. Qd5 Re7 40. Re1 Qd4
41. Qc6 Qf6 42. Re2 Kh6 43. Qd5 a5 44. Bg8 Rxe2 45. Kxe2 Kg7 46. Be6 Qb2+ 47.
Kf3 Kf6 48. Bg8 Qe5 49. Qf7+ Kg5 50. Kf2 h5 51. Kf1 a4 52. h4+ Kxh4 53. Qxg6 b5
54. Qd3 c4 55. Qh3+ Kg5 56. Qa3 c3 57. Bh7 Kh4 58. Bd3 Kg3 59. Qf8 Qd4 60. Qg8+
Kh2 61. Qh7 Qg1+ 62. Ke2 Qxg2+ 63. Ke1 Qg3+ 64. Kf1 f3 0-1

[Event "Reykjavik Open 2015"]
[Site "Reykjavik ISL"]
[Date "2015.03.15"]
[Round "7.3"]
[White "Stefansson, Hannes"]
[Black "Granda Zuniga, Julio E"]
[Result "0-1"]
[WhiteTitle "GM"]
[BlackTitle "GM"]
[WhiteElo "2560"]
[BlackElo "2646"]
[WhiteFideId "2300087"]
[BlackFideId "3800024"]
[EventDate "2015.03.10"]

1. e4 c6 2. d4 d5 3. Nd2 dxe4 4. Nxe4 Nd7 5. Ng5 e6 6. Bd3 Ngf6 7. N1f3 h6 8.
Nxe6 fxe6 9. Bg6+ Ke7 10. O-O Qc7 11. Re1 Kd8 12. Ne5 Nxe5 13. dxe5+ Nd7 14. Bf7
Bc5 15. Be3 Qxe5 16. Qd2 Qd6 17. Qe2 Bxe3 18. Qxe3 e5 0-1

[Event "Reykjavik Open 2015"]
[Site "Reykjavik ISL"]
[Date "2015.03.15"]
[Round "7.4"]
[White "Naroditsky, Daniel"]
[Black "Gao, Rui"]
[Result "1-0"]
[WhiteTitle "GM"]
[BlackTitle "GM"]
[WhiteElo "2633"]
[BlackElo "2533"]
[WhiteFideId "2026961"]
[BlackFideId "8602387"]
[EventDate "2015.03.10"]

1. e4 c5 2. Nf3 d6 3. d4 cxd4 4. Nxd4 Nf6 5. Nc3 a6 6. Bg5 Nbd7 7. a4 Qc7 8. Be2
e6 9. a5 Be7 10. O-O O-O 11. Nb3 Ne5 12. Be3 Bd7 13. Bb6 Qc8 14. Nd2 Bc6 15. Bd4
Qc7 16. Be3 Rac8 17. f4 Ng6 18. Bd3 Qb8 19. g4 h6 20. h4 Nxh4 21. g5 Nh7 22. Qh5
hxg5 23. fxg5 Ng6 24. Rf3 Rfd8 25. Raf1 Nhf8 26. Rh3 e5 27. Bc4 d5 28. exd5 Bb5
29. Nxb5 Rxc4 30. Nxc4 axb5 31. Qf3 f6 32. d6 Rxd6 33. Nxd6 Qxd6 34. gxf6 Bxf6
35. Rd1 Qe7 36. Qd5+ Ne6 37. Qd7 Ngf4 38. Bxf4 Nxf4 39. Qc8+ 1-0

[Event "Reykjavik Open 2015"]
[Site "Reykjavik ISL"]
[Date "2015.03.15"]
[Round "7.6"]
[White "Georgiadis, Nico"]
[Black "Melkumyan, Hrant"]
[Result "0-1"]
[WhiteTitle "IM"]
[BlackTitle "GM"]
[WhiteElo "2468"]
[BlackElo "2676"]
[WhiteFideId "1300113"]
[BlackFideId "13302485"]
[EventDate "2015.03.10"]

1. e4 e5 2. Nf3 Nc6 3. Bb5 a6 4. Ba4 Nf6 5. O-O Be7 6. Re1 b5 7. Bb3 d6 8. c3
O-O 9. h3 Bb7 10. d4 Nd7 11. a4 Bf6 12. d5 Ne7 13. axb5 axb5 14. Rxa8 Qxa8 15.
Na3 Ba6 16. Nh2 g6 17. Ng4 Bg7 18. Nh6+ Kh8 19. Nc2 Nc5 20. Ba2 Bc8 21. Nb4 Bd7
22. Bb1 Qe8 23. Ng4 f5 24. exf5 gxf5 25. Nh2 Rg8 26. Kh1 Qg6 27. Rg1 Ne4 28.
Bxe4 fxe4 29. Ng4 Bf8 30. Ne3 Qf6 31. Qf1 Bh6 32. Nbc2 Rf8 33. Qe2 Qh4 34. Ng4
Bxg4 35. Qxg4 Qxg4 36. hxg4 Bxc1 37. Rxc1 Rxf2 0-1

[Event "Reykjavik Open 2015"]
[Site "Reykjavik ISL"]
[Date "2015.03.15"]
[Round "7.7"]
[White "Movsesian, Sergei"]
[Black "Bekker-Jensen, Simon"]
[Result "1-0"]
[WhiteTitle "GM"]
[BlackTitle "IM"]
[WhiteElo "2665"]
[BlackElo "2462"]
[WhiteFideId "310204"]
[BlackFideId "1403613"]
[EventDate "2015.03.10"]

1. e4 c5 2. Nf3 d6 3. d4 cxd4 4. Nxd4 Nf6 5. Nc3 a6 6. Be3 e5 7. Nb3 Be6 8. h3
Be7 9. Qf3 O-O 10. O-O-O b5 11. g4 b4 12. Nd5 Nxd5 13. exd5 Bc8 14. Kb1 f5 15.
gxf5 Bxf5 16. Qg2 Nd7 17. Rg1 Rf7 18. f4 Rc8 19. Rc1 Qc7 20. fxe5 Nxe5 21. Nd4
Bg6 22. Nc6 Bf6 23. Be2 Re8 24. Bd4 Nxc6 25. Bxf6 Rxf6 26. dxc6 Be4 27. Bc4+ Kh8
28. Qd2 Qxc6 29. Qxb4 d5 30. Bb3 Qb6 31. Qc3 Ref8 32. Rg3 Qf2 33. a4 h6 34. Rd1
Qf5 35. Qd4 Rc8 36. Rd2 Kh7 37. Qa7 Qf1+ 38. Ka2 Rf7 39. Qd4 Qf5 40. c3 Rd8 41.
Rf2 Qxf2 42. Rxg7+ Rxg7 43. Qxf2 Rd6 44. Bd1 d4 45. cxd4 Rg2 46. Qf4 Rxd4 47.
Bc2 1-0

[Event "Reykjavik Open 2015"]
[Site "Reykjavik ISL"]
[Date "2015.03.15"]
[Round "7.8"]
[White "Petrov, Nikita"]
[Black "Hammer, Jon Ludvig"]
[Result "0-1"]
[WhiteTitle "IM"]
[BlackTitle "GM"]
[WhiteElo "2435"]
[BlackElo "2651"]
[WhiteFideId "4101286"]
[BlackFideId "1503707"]
[EventDate "2015.03.10"]

1. c4 e5 2. g3 Nf6 3. Bg2 Bc5 4. Nc3 Nc6 5. a3 a6 6. e3 O-O 7. Nge2 Ba7 8. b4 d6
9. d3 Ne7 10. O-O c6 11. Bb2 Be6 12. Rc1 Ng6 13. Ne4 Nxe4 14. dxe4 Rc8 15. Qd2
b5 16. cxb5 axb5 17. Rfd1 Bb3 18. Re1 Qd7 19. Nc3 Rfd8 20. Qe2 Rb8 21. Nb1 d5
22. Nd2 Ba4 23. Qh5 f6 24. exd5 cxd5 25. Bh3 Qb7 26. Qe2 Re8 27. Qd3 e4 28. Qb1
Rbd8 29. Bd4 Bxd4 30. exd4 Qf7 31. Qb2 f5 32. f4 Nf8 33. Nf1 Ne6 34. Ne3 g6 35.
Re2 Rc8 36. Rd2 Rxc1+ 37. Qxc1 Qd7 38. Qb2 Rc8 39. Kf2 Qc6 40. Bf1 Kf8 41. Be2
Qc3 42. Qxc3 Rxc3 43. Nxd5 Rxa3 44. Ne3 Ke7 45. d5 Ng7 46. d6+ Kd7 47. g4 g5 48.
Rd5 gxf4 49. Nxf5 Ra2 50. Nxg7 f3 51. Nh5 Rxe2+ 52. Kf1 e3 53. Nf6+ Ke6 54. d7
Rf2+ 55. Ke1 Rg2 56. Rd6+ Kf7 57. d8=N+ Kf8 58. Nxh7+ Kg8 59. Nf6+ Kh8 60. Nf7+
Kg7 61. Nh5+ Kf8 0-1

[Event "Reykjavik Open 2015"]
[Site "Reykjavik ISL"]
[Date "2015.03.15"]
[Round "7.9"]
[White "Wang, Yiye"]
[Black "Jones, Gawain C B"]
[Result "0-1"]
[WhiteTitle "IM"]
[BlackTitle "GM"]
[WhiteElo "2433"]
[BlackElo "2642"]
[WhiteFideId "8606021"]
[BlackFideId "409561"]
[EventDate "2015.03.10"]

1. e4 c5 2. Nf3 d6 3. Bb5+ Bd7 4. Bxd7+ Qxd7 5. O-O Nc6 6. Qe2 Nf6 7. Rd1 Rc8 8.
c3 e6 9. c4 g5 10. d4 g4 11. d5 gxf3 12. Qxf3 Nxd5 13. cxd5 Nd4 14. Qd3 e5 15.
Be3 c4 16. Qf1 Nc2 17. Nd2 Nxa1 18. Rxa1 c3 19. bxc3 Rxc3 20. Bxa7 Bh6 21. Nc4
b5 22. Be3 Rxc4 23. Bxh6 Rxe4 24. Rb1 Rg8 25. g3 Rc4 26. a4 Rxa4 27. Rxb5 Ke7
28. Kg2 Rh4 0-1

[Event "Reykjavik Open 2015"]
[Site "Reykjavik ISL"]
[Date "2015.03.15"]
[Round "7.10"]
[White "Thorhallsson, Throstur"]
[Black "Gupta, Abhijeet"]
[Result "0-1"]
[WhiteTitle "GM"]
[BlackTitle "GM"]
[WhiteElo "2428"]
[BlackElo "2625"]
[WhiteFideId "2300109"]
[BlackFideId "5010608"]
[EventDate "2015.03.10"]

1. e4 c5 2. Nf3 d6 3. d4 cxd4 4. Nxd4 Nf6 5. Nc3 Nc6 6. Bg5 e6 7. Qd2 a6 8.
O-O-O Bd7 9. f4 b5 10. Bxf6 gxf6 11. Kb1 Qb6 12. Nxc6 Bxc6 13. f5 b4 14. Ne2 e5
15. Ng3 Qc5 16. Bd3 Ke7 17. Bc4 h5 18. Bd5 h4 19. Bxc6 Qxc6 20. Ne2 a5 21. Nc1
Bh6 22. Qe2 a4 23. Rd3 Rac8 24. Rhd1 Rhd8 25. b3 Rd7 26. bxa4 Qxa4 27. Rb3 Ra7
28. Rb2 Bxc1 29. Kxc1 Rc3 30. Kb1 Rac7 31. Rd5 R7c4 32. Rd3 Qc6 33. Rd5 Qb6 34.
Rb3 Qa6 35. Rd3 Rxc2 36. Qxc2 Rxc2 37. Kxc2 Qxa2+ 38. Kd1 Qa6 39. Ke1 Qc4 40.
Re3 Qc1+ 41. Kf2 d5 42. exd5 Kd6 43. Rbd3 Qc2+ 44. Kf3 e4+ 45. Kxe4 b3 46. Kf4
b2 47. Rb3 Qc4+ 48. Kf3 Qf1+ 49. Kg4 Qxg2+ 50. Kxh4 Qg5+ 51. Kh3 0-1

[Event "Reykjavik Open 2015"]
[Site "Reykjavik ISL"]
[Date "2015.03.15"]
[Round "7.11"]
[White "Steingrimsson, Hedinn"]
[Black "Maisuradze, Nino"]
[Result "1-0"]
[WhiteTitle "GM"]
[BlackTitle "WGM"]
[WhiteElo "2530"]
[BlackElo "2302"]
[WhiteFideId "2300117"]
[BlackFideId "13601717"]
[EventDate "2015.03.10"]

1. Nf3 d5 2. c4 c6 3. e3 Nf6 4. Nc3 g6 5. d4 Bg7 6. Be2 O-O 7. O-O Nbd7 8. a4
Nb6 9. c5 Nbd7 10. b4 Qc7 11. Ra3 e5 12. b5 Re8 13. a5 Ne4 14. Na2 exd4 15. exd4
Nf8 16. Nb4 a6 17. bxc6 bxc6 18. Re1 Ne6 19. Bf1 Rb8 20. Qa4 Bb7 21. Be3 Ra8 22.
Nd3 f5 23. Rb3 g5 24. Nfe5 f4 25. Bc1 Rab8 26. Rb6 Nc3 27. Qb4 Na2 28. Qb2 Nxc1
29. Rxc1 Nxd4 30. Qxd4 Rxe5 31. Nxe5 Bxe5 32. Qb4 Bc8 33. Re1 Ra8 34. Qa4 Bd7
35. Bxa6 Bc3 36. Re2 Bc8 37. Rxc6 Bd7 38. Rxc7 Bxa4 39. Rc8+ Rxc8 40. Bxc8 1-0

[Event "Reykjavik Open 2015"]
[Site "Reykjavik ISL"]
[Date "2015.03.15"]
[Round "7.12"]
[White "Esserman, Marc"]
[Black "Grandelius, Nils"]
[Result "1/2-1/2"]
[WhiteTitle "IM"]
[BlackTitle "GM"]
[WhiteElo "2426"]
[BlackElo "2603"]
[WhiteFideId "2018616"]
[BlackFideId "1710400"]
[EventDate "2015.03.10"]

1. e4 e5 2. Nf3 Nc6 3. Bb5 a6 4. Ba4 Nf6 5. O-O Be7 6. Re1 b5 7. Bb3 d6 8. c3
O-O 9. h3 Nb8 10. d4 Nbd7 11. Nbd2 c5 12. Nf1 Re8 13. Ng3 Bf8 14. Ng5 c4 15. Bc2
h6 16. Nf3 Bb7 17. Nh2 d5 18. dxe5 Nxe5 19. f4 Bc5+ 20. Kf1 Ng6 21. e5 Ne4 22.
Nxe4 dxe4 23. Qg4 a5 24. Rxe4 Bxe4 25. Bxe4 Ra6 26. Bc2 Nh4 27. Qh5 g6 28. Qg4
Ba7 29. Nf3 Nxf3 30. Qxf3 Qb6 31. Ke2 Qg1 32. Rb1 Kg7 33. Bd2 Qc5 34. Rf1 Rd6
35. Be3 Qxe3+ 36. Qxe3 Bxe3 37. exd6 Bxf4+ 38. Kf3 Bxd6 39. Rf2 Re6 40. Re2 Rf6+
41. Ke4 Be7 42. a4 Re6+ 43. Kf3 Rf6+ 44. Ke4 b4 45. Kd5 bxc3 46. bxc3 Bd8 47.
Be4 Rf4 48. Bf3 Bf6 49. Re4 Rxe4 50. Bxe4 Bxc3 51. Kxc4 Be5 52. Kd3 f5 53. Bc6
Kf6 54. Ke2 h5 55. Be8 h4 56. Kf3 1/2-1/2

[Event "Reykjavik Open 2015"]
[Site "Reykjavik ISL"]
[Date "2015.03.15"]
[Round "7.13"]
[White "Norowitz, Yaacov"]
[Black "Jussupow, Artur"]
[Result "1/2-1/2"]
[WhiteTitle "IM"]
[BlackTitle "GM"]
[WhiteElo "2422"]
[BlackElo "2573"]
[WhiteFideId "2024799"]
[BlackFideId "4618777"]
[EventDate "2015.03.10"]

1. d4 Nf6 2. Nf3 e6 3. c4 Bb4+ 4. Bd2 Qe7 5. g3 Bxd2+ 6. Qxd2 Nc6 7. Nc3 d5 8.
cxd5 exd5 9. Bg2 O-O 10. O-O Re8 11. Qf4 Nd8 12. Nh4 c6 13. Rfe1 Ne6 14. Nf5
Nxf4 15. Nxe7+ Rxe7 16. gxf4 Bf5 17. b4 a6 18. e3 Ne8 19. a4 a5 20. b5 Nd6 21.
Rac1 h6 22. bxc6 bxc6 23. Ne2 Bd7 24. Rb1 Ree8 25. Rb6 Nc4 26. Rb7 Red8 27. Ng3
Nd6 28. Rb6 Nc4 29. Rb7 Nd6 30. Rb6 Nc4 31. Rb7 1/2-1/2

[Event "Reykjavik Open 2015"]
[Site "Reykjavik ISL"]
[Date "2015.03.15"]
[Round "7.14"]
[White "Sarkar, Justin"]
[Black "Stopa, Jacek"]
[Result "0-1"]
[WhiteTitle "IM"]
[BlackTitle "IM"]
[WhiteElo "2376"]
[BlackElo "2544"]
[WhiteFideId "2010011"]
[BlackFideId "1119591"]
[EventDate "2015.03.10"]

1. d4 d5 2. c4 c6 3. Nf3 Nf6 4. Nc3 dxc4 5. a4 Bf5 6. Ne5 Na6 7. e3 Nb4 8. Bxc4
e6 9. O-O Bd6 10. Qe2 h6 11. e4 Bh7 12. Bf4 O-O 13. Bg3 Qc7 14. a5 a6 15. Nd3
Bxg3 16. hxg3 Nxd3 17. Qxd3 Rad8 18. Qe3 Ng4 19. Qe2 Rxd4 20. Bxe6 Nf6 21. Bf5
Bxf5 22. exf5 Re8 23. Qc2 Re5 24. Ne2 Rde4 25. Nc3 Rb4 26. Rfe1 Rxe1+ 27. Rxe1
Qxa5 28. Ne4 Nxe4 29. Rxe4 Rxe4 30. Qxe4 Qd8 31. b4 Kf8 32. g4 a5 33. bxa5 Qxa5
34. Kh2 Qd5 35. Qb4+ c5 36. Qb6 c4 37. f4 f6 38. Kg3 Qc6 39. Qa7 c3 40. Qa8+ Ke7
41. Qa3+ Kd7 42. Qf8 c2 43. Qxg7+ Kc8 44. Qf8+ Kc7 45. Qf7+ Kb6 46. Qb3+ Ka5 47.
Qa3+ Qa4 48. Qc5+ Ka6 49. Kh4 Qxf4 50. Qa3+ Kb6 51. Qb2+ Ka7 52. Qa3+ Kb8 53.
Qf8+ Kc7 54. Qc5+ Kd7 55. Qd5+ Kc8 56. Qc5+ Qc7 57. Qf8+ Kd7 58. Qf7+ Kd6 59.
Qe6+ Kc5 60. Qe3+ Kc4 61. Kh5 Qe5 62. Qc1 Kb3 63. Kxh6 Qb2 64. Qe3+ Ka2 0-1

[Event "Reykjavik Open 2015"]
[Site "Reykjavik ISL"]
[Date "2015.03.15"]
[Round "7.15"]
[White "Danielsen, Henrik"]
[Black "Sequera Paolini, Jose Rafael"]
[Result "1-0"]
[WhiteTitle "GM"]
[BlackTitle "IM"]
[WhiteElo "2514"]
[BlackElo "2408"]
[WhiteFideId "1400185"]
[BlackFideId "3900304"]
[EventDate "2015.03.10"]

1. g3 f5 2. d4 Nf6 3. Bg2 e6 4. c4 Be7 5. Nf3 c6 6. O-O O-O 7. b3 a5 8. Ne5 d6
9. Nd3 Qe8 10. Nc3 d5 11. c5 Nbd7 12. Bf4 Qh5 13. e3 g5 14. Qxh5 Nxh5 15. Bc7
Nhf6 16. Na4 Ne8 17. Be5 Nxe5 18. Nxe5 Bd8 19. f4 h6 20. Bf3 Nf6 21. Rac1 Nd7
22. Nd3 Kg7 23. Kf2 g4 24. Bg2 h5 25. h3 gxh3 26. Bf3 Nf6 27. Rh1 e5 28. dxe5
Ne4+ 29. Kg1 Nxg3 30. Rxh3 h4 31. Ne1 Be6 32. Nc2 Rh8 33. Nd4 Kf7 34. Nc3 Be7
35. Nce2 Nxe2+ 36. Bxe2 Rag8+ 37. Kf2 Rg7 38. Bd3 Rh5 39. a3 Rg8 40. Kf3 Bd7 41.
Rh2 Rg3+ 42. Kf2 Rg8 43. b4 axb4 44. axb4 Ra8 45. Kf3 Ra3 46. Bf1 Bd8 47. Bh3 b6
48. Rg2 bxc5 49. bxc5 Ba5 50. Rcg1 Rh7 51. Rg6 1-0

[Event "Reykjavik Open 2015"]
[Site "Reykjavik ISL"]
[Date "2015.03.15"]
[Round "7.16"]
[White "Antal, Tibor Kende"]
[Black "Pakleza, Zbigniew"]
[Result "0-1"]
[WhiteTitle "FM"]
[BlackTitle "GM"]
[WhiteElo "2317"]
[BlackElo "2498"]
[WhiteFideId "738581"]
[BlackFideId "1119290"]
[EventDate "2015.03.10"]

1. e4 e5 2. Nf3 d6 3. d4 Nf6 4. dxe5 Nxe4 5. Qe2 d5 6. Nbd2 Nc5 7. Nd4 Be7 8. g3
O-O 9. Bg2 f6 10. O-O fxe5 11. Qxe5 c6 12. N2b3 Bf6 13. Qh5 Nxb3 14. Nxb3 Qe8
15. Qxe8 Rxe8 16. c3 Nd7 17. Bf4 a5 18. Rfe1 Rxe1+ 19. Rxe1 a4 20. Nd4 Nb6 21.
b3 axb3 22. axb3 Kf7 23. Bc7 Nd7 24. b4 Nf8 25. b5 Ne6 26. Bb6 Bd7 27. h4 Ra4
28. bxc6 bxc6 29. Rd1 Rc4 30. Nxe6 Bxe6 31. Bd4 Ra4 32. Bf3 Ke7 33. Bc5+ Kd7 34.
Rd3 Bf5 35. Re3 Rc4 36. Bd4 Bxd4 37. cxd4 Rxd4 38. Re5 g6 39. h5 Kd6 40. Re8
gxh5 41. Bxh5 Re4 42. Rf8 Bg6 43. Bf3 Re7 44. g4 Rf7 45. Rxf7 Bxf7 46. Kg2 c5
47. Bd1 Ke5 48. Kg3 d4 49. Bc2 h6 50. f4+ Kd5 51. Kf3 Kc4 52. Ke4 Bd5+ 53. Ke5
Kc3 54. Bd1 Ba2 55. Kd6 c4 56. Kc5 d3 57. f5 Kd2 58. Kb4 c3 0-1

[Event "Reykjavik Open 2015"]
[Site "Reykjavik ISL"]
[Date "2015.03.15"]
[Round "7.17"]
[White "Idani, Pouya"]
[Black "Edvardsson, Kristjan"]
[Result "1-0"]
[WhiteTitle "GM"]
[WhiteElo "2496"]
[BlackElo "2176"]
[WhiteFideId "12510130"]
[BlackFideId "2300893"]
[EventDate "2015.03.10"]

1. Nf3 Nf6 2. c4 e6 3. g3 b6 4. Bg2 Bb7 5. O-O c5 6. Nc3 a6 7. d4 cxd4 8. Qxd4
d6 9. b3 Be7 10. Ba3 Nc6 11. Qd2 Qc7 12. Rac1 Rd8 13. Nd5 exd5 14. cxd5 Nxd5 15.
Qxd5 Qd7 16. Nd4 Na5 17. Qf5 Bxg2 18. Kxg2 g6 19. Qf3 O-O 20. b4 d5 21. bxa5 1-0